| 000 | 01620nam a2200265Ia 4500 | ||
|---|---|---|---|
| 999 |
_c51824 _d51824 |
||
| 001 | 18819 | ||
| 003 | GE_BSU | ||
| 005 | 20210405182011.0 | ||
| 008 | 181216s2016||||ge |||||||||||||| ||geo|| | ||
| 040 | _cGE_BSU | ||
| 041 | _ageo | ||
| 080 | _a61 შ-24 | ||
| 100 |
_aშარაშენიძე, არჩილ _911088 |
||
| 245 |
_aუტერო - პლაცენტური სისხლის მიმოქცევის დარღვევის როლი ორსულობის გართულების პათოგენეზში / _cარჩილ შარაშენიძე; სამეცნ. ხელმძღვანელი ლ. კიკალიშვილი. პ. კინტარია ; თბილისის სახ-ლო სამედიცინო უნ-ტი. |
||
| 264 |
_aთბილისი : _bთსუ, _c2016. |
||
| 300 |
_a153 გვ. _b30 სმ. |
||
| 504 | _aბიბლიოგრ. გვ. 136-154 | ||
| 653 | _aდისერტაცია | ||
| 653 | _aმედიცინა | ||
| 653 | _aუტორეპლაცენტური სისხლის მიმოქცევის დარღვევის როლი ორსულობის გართულების პათოგენეზში. | ||
| 700 |
_aკიკალიშვილი, ლ. _eსამეცნ. ხელმძღვანელი _93418 |
||
| 700 |
_aკინტარია, პ. _eსამეცნ. ხელმძღვანელი _911090 |
||
| 710 |
_aთსუ _911089 |
||
| 942 |
_cBK _2udc |
||